Get the Picture: Rose or Lily Quiz Stats

 Plays Quiz Updated Apr 29, 2019

Score 0/16 Timer 03:00
0 Plays Today
Question Answer Wrong Answers
The Exorcism of Emily ____ (2005 movie) Rose
94.7%
Lily
2.3%
The Name of the ____ (Umberto Eco novel) Rose
90.7%
Lily
6.5%
____ Tomlin (American actress) Lily
90.1%
Rose
7.1%
La Vie En ____ (Edith Piaf song) Rose
88.9%
Lily
8.3%
What's Up, Tiger ____? (1966 movie) Lily
88.5%
Rose
8.9%
____ Nylund (The Golden Girls) Rose
87.5%
Lily
9.5%
____ McGowan (American Actress) Rose
86.9%
Lily
10.1%
____ DeWitt Bukater (Titanic) Rose
86%
Lily
11.5%
____ Munster (The Munsters) Lily
84.8%
Rose
12.4%
____ Potter (Harry Potter character) Lily
80%
Rose
17.3%
____ Aldrin (How I Met Your Mother) Lily
76.7%
Rose
20.4%
____ Collins (English-American actress) Lily
72.5%
Rose
24.7%
Gild the ____ (Idiom) Lily
70%
Rose
27%
____ Tico (Star Wars: The Last Jedi) Rose
57.3%
Lily
39.5%
Pictures of ____ (The Who song) Lily
54.6%
Rose
42.7%
____ Weasley (Harry Potter character) Rose
51.4%
Lily
46%

Today's Daily Dose

Missing Word
Sherlocks

Word Ladder
King of the Hill

Quick Pick
Songs in Pink

Get the Picture
NBA Teammates

You're not logged in!

Compare scores with friends on all Sporcle quizzes.
OR
Log In

Sporcle TV

Today on Sporcle TV


Watch our educational content, quiz creation guides, and fun videos on Sporcle TV.

Show Comments

Extras

Top Quizzes Today


Score Distribution

Your Account Isn't Verified!

In order to create a playlist on Sporcle, you need to verify the email address you used during registration. Go to your Sporcle Settings to finish the process.

Report this User

Report this user for behavior that violates our Community Guidelines.

Details: